| 000 | 00932nam a22001817a 4500 | ||
|---|---|---|---|
| 005 | 20120208122731.0 | ||
| 020 |
_a8186895965 _c135.00 |
||
| 082 | _aक | ||
| 100 |
_aराव, संध्या _941408 |
||
| 245 |
_aकोलबाः _cसंध्या राव;रंजन दे द्वारा चित्रांकित;सुषमा द्वारा अनुदित _bएक मराठी लोक-कथा / |
||
| 260 |
_aचैन्नई _bतूलिका पब्लिशर्स _c2007 |
||
| 270 |
_a13 पृथ्वी ऐवन्यु, अभिरमपुरम _bचैन्नई _e600018 |
||
| 300 |
_aअ.पृ. _bसचित्र _c19सेमी (अजिल्द) |
||
| 700 |
_941133 _aरंजन दे |
||
| 700 |
_941134 _aसुषमा |
||
| 942 |
_2ddc _cCH _hक _mरावसं |
||
| 999 |
_c62257 _d62257 |
||